Η μικροφυσική της εξουσίας

Αποθηκεύτηκε σε:
Λεπτομέρειες βιβλιογραφικής εγγραφής
Κύριος συγγραφέας: Foucault, Michel, 1926-1984
Άλλοι συγγραφείς: Τρουλινού, Λίλα (trlf)
Μορφή: Βιβλίο
Γλώσσα:Greek
French
Δημοσίευση: Αθήνα : Υψιλον, 1991.
Σειρά:Ύψιλον/βιβλία ; v.19
Θέματα:
Ετικέτες: Προσθήκη ετικέτας
Δεν υπάρχουν, Καταχωρήστε ετικέτα πρώτοι!

MARC

LEADER 00000cam a2200000 i 4500
001 1/38478
008 950125s1991 gr | ||| |||| ||gre||
035 |a 1995  |l 10040775 
040 |a GR-MY-UA  |b gre  |e aacr 
041 1 |a gre  |h fre 
082 7 |a 194   |2 (22) 
100 1 |a Foucault, Michel,   |d 1926-1984. 
245 1 2 |a Η μικροφυσική της εξουσίας /   |c Michel Foucault ; μετάφραση: Λίλα Τρουλινού.  
260 |a Αθήνα :   |b Υψιλον,   |c 1991.  
300 |a 182 σ. ;   |c 21 εκ.  
490 1 |a (Υψιλον / βιβλία ;   |v  vol.19) 
500 |a Περιεχόμενα: Ανθρώπινη φύση: δικαιοσύνη εναντίον εξουσίας. Δύο δοκίμια για το υποκείμενο και την εξουσία. Πειθαρχική εξουσία και υποτέλεια. Η ιστορία της σεξουαλικότητας. Η ομολογία της σάρκας.  
500 |a Το βιβλίο αυτό αποτελεί μια συλλογή συνεντεύξεων, συζητήσεων και δοκιμίων του Michel Foucault, το οποίο έχει τον γενικό τίτλο "Η μικροφυσική της Εξουσίας".  
650 0 0 |a Power (Social sciences) 
650 0 0 |a Philosophy, French. 
650 0 0 |a Sex. 
650 0 0 |a Speeches, addresses, etc. 
700 1 |a Τρουλινού, Λίλα,  |e trlf 
830 0 |a Ύψιλον/βιβλία ;  |v  v.19 
852 |a INST  |b LESVOS  |e 19980316  |h 194 FOU  |p 005100014797  |q 005100014797  |t BK  |y 0 
852 |a INST  |b SAMOS  |e 19950125  |h 194 FOU  |p 005300006232  |q 005300006232  |t BK  |y 0 
901 |a BIBL-1998-2 
909 |a Σ  |b 038544 
909 |a Λ  |b 054074 
922 |a 1ΕΛΗ  |b 199802  |c ΚΠΣ/ΤΚ  |d EMVASIS 
970 |z 1995/01